ბათუმის შოთა რუსთაველის სახელმწიფო უნივერსიტეტის ბიბლიოთეკა

იოველ გრიგოლის ძე ქუთათელაძე : (ბიბ.ჩანაწერი № 62022)

000 -ლიდერი
ფიქსირებული სიგრძის საკონტროლო ველი 01113nam a22002057a 4500
003 - საკონტროლო ნომრის იდენტიფიკატორი
საკონტროლო ველი Ge_BSU
005 - ბოლო ოპერაციის თარიღი და დრო
საკონტროლო ველი 20240624160613.0
008 - ფიქსირებული სიგრძის მონაცემთა ელემენტები - ზოგადი ინფორმაცია
ფიქსირებული სიგრძის საკონტროლო ველი 240624s1967 ge ||||| |||| 00| 0 geo d
041 ## - ენის კოდი
Language code of text/sound track or separate title geo
080 ## - უნივერსალური ათობითი კლასიფიკაციის ინდექსი
Universal Decimal Classification number 615.15(479.22) ჩ-96
100 ## - მთავარი ჩანაწერი - პიროვნების სახელი
Personal name ჩხატარაშვილი, ლევან
9 (RLIN) 22554
245 ## - ცნობა სათაურის შესახებ
Title იოველ გრიგოლის ძე ქუთათელაძე :
Remainder of title [ქიმიკოს-ფარმაკოლოგი. ცხოვრება და მოღვაწეობა] /
Statement of responsibility, etc ლევან ჩხატარაშვილი; რედ. პ. გელბახიანი.
264 ## - წარმოების, გამოცემის, დისტრიბუციის და სხვა ცნობები
გამოცემის, წარმოების, დისტრიბუციის... ადგილი თბ. :
გამოცემის, წარმოების, დისტრიბუციის... სახელწოდება საბჭ. საქართველო,
გამოცემის, წარმოების, დისტრიბუციის... თარიღი 1967.
300 ## - ფიზიკური აღწერა
Extent 133 გვ. :
Other physical details ილ. 1 ფ. პორტრ. ;
Dimensions 20 სმ.
653 ## - INDEX TERM--UNCONTROLLED
Uncontrolled term ქუთათელაძე, ი.
653 ## - INDEX TERM--UNCONTROLLED
Uncontrolled term ქართველი ქიმიკოს-ფარმაცევტები
653 ## - INDEX TERM--UNCONTROLLED
Uncontrolled term ფარმაცევტული ქიმია
700 ## - ADDED ENTRY--PERSONAL NAME
Personal name გელბახიანი, პ.
Relator term რედაქტორი
9 (RLIN) 22358
942 ## - ADDED ENTRY ELEMENTS (KOHA)
Source of classification or shelving scheme
Koha item type წიგნი
ეგზემპლარები
ჩამოწერის სტატუსი დაკარგული ეგზემპლარის სტატუსი კლასიფიკაციის წყარო ან თაროზე გაწყობის სქემა დაზიანების სტატუსი არ გაიცემა მუდმივი მდებარეობა (დაცვის ადგილი) ამჟამინდელი ადგილსამყოფელი თაროზე განთავსების ადგილი შეძენის თარიღი ღირებულება, შესყიდვის ნორმალური ფასი სრული შენახვის შიფრი შტრიხკოდი ბოლო ოპერაციის თარიღი ეგზემპლარის მიმდევრობითი ნომერი (კეტერი?) ფასის ძალაში შესვლის თარიღი ეგზემპლარის სახეობა საჯარო შენიშვნა
          ბათუმის შოთა რუსთაველის სახელმწიფო უნივერსიტეტის მთავარი ბიბლიოთეკა ბათუმის შოთა რუსთაველის სახელმწიფო უნივერსიტეტის მთავარი ბიბლიოთეკა წიგნსაცავი 2024-06-24 0.46 615.15(479.22) ჩ-96 68298 2024-06-24 68298 2024-06-24 წიგნი 0 46 თ.